Strauss en blanc et noir (Record n. 100995)
[ formato base ]
| 000 -LEADER | |
|---|---|
| fixed length control field | 00961njm a2200277Ia 4500 |
| 001 - CONTROL NUMBER | |
| control field | A7985 |
| 003 - CONTROL NUMBER IDENTIFIER | |
| control field | IT-RoPAU |
| 005 - DATE AND TIME OF LATEST TRANSACTION | |
| control field | 20220918181137.0 |
| 008 - FIXED-LENGTH DATA ELEMENTS--GENERAL INFORMATION | |
| fixed length control field | 131025s9999 xx 000 0 und d |
| 040 ## - CATALOGING SOURCE | |
| Original cataloging agency | IT-RoPAU |
| 040 ## - CATALOGING SOURCE | |
| Transcribing agency | IT-RoPAU |
| 999 ## - SYSTEM CONTROL NUMBERS (KOHA) | |
| Koha Dewey Subclass [OBSOLETE] | n.d. |
| 100 ## - MAIN ENTRY--PERSONAL NAME | |
| Personal name | Strauss Johann Jr. |
| 9 (RLIN) | 5717 |
| 100 ## - MAIN ENTRY--PERSONAL NAME | |
| Relator term | Autore musica |
| 9 (RLIN) | 28406 |
| 100 ## - MAIN ENTRY--PERSONAL NAME | |
| Miscellaneous information | Codice autore musica SPICS: 11164 |
| 9 (RLIN) | 5719 |
| 245 ## - TITLE STATEMENT | |
| Title | Strauss en blanc et noir |
| 250 ## - EDITION STATEMENT | |
| Edition statement | 1a ed. |
| 260 ## - PUBLICATION, DISTRIBUTION, ETC. (IMPRINT) | |
| Place of publication, distribution, etc. | ITALIA |
| 260 ## - PUBLICATION, DISTRIBUTION, ETC. (IMPRINT) | |
| Name of publisher, distributor, etc. | OPTI.ME S. |
| Date of publication, distribution, etc. | 1992 [1a Ed.:1992] |
| 300 ## - PHYSICAL DESCRIPTION | |
| Extent | COMPACT DISC |
| 500 ## - GENERAL NOTE | |
| General note | Musica classica, strumentale. Arrangiamento |
| 505 ## - FORMATTED CONTENTS NOTE | |
| Formatted contents note | Wahlstimmen - Kaiser Walzer - Rosen Aus Dem Sudeng' Schichten Aus Dem Wienerwald - Du Und Du - Schatz Walzer - Fruhlingsstimmen - An Der Schonen Blauen Donau |
| 650 ## - SUBJECT ADDED ENTRY--TOPICAL TERM | |
| Topical term or geographic name as entry element | VALZER [COMPACT DISC] |
| Relator term | Codice MATERIA SPICS: 9949 |
| 9 (RLIN) | 28407 |
| 700 ## - ADDED ENTRY--PERSONAL NAME | |
| Personal name | Cappello Roberto |
| Miscellaneous information | Codice interprete SPICS: 36612 |
| Relator term | Interprete |
| 9 (RLIN) | 28408 |
| 942 ## - ADDED ENTRY ELEMENTS (KOHA) | |
| Koha item type | CD AUDIO |
| Source of classification or shelving scheme | Dewey Decimal Classification |
| Withdrawn status | Lost status | Damaged status | Not for loan | Home library | Current library | Date acquired | Total Checkouts | Full call number | Date last seen | Price effective from | Koha item type | Public note |
|---|---|---|---|---|---|---|---|---|---|---|---|---|
| Buone Condizioni | Not For Loan | SPICS-MEDIATECA | SPICS-MEDIATECA | 25/10/2013 | A7985 | 25/10/2013 | 25/10/2013 | CD AUDIO | Progr. Ins.: 374 / N.Vol.: 1 / Copie: 1 - Copia rara: n.d. / date import: 01.01.2014 - By Epidotti, Trombetti, Vaglietti |